The kingdom of heaven. (Record no. 6620)

000 -LEADER
fixed length control field 00491nam a2200169 a 4500
001 - CONTROL NUMBER
control field :::00004372$&:&@@
003 - CONTROL NUMBER IDENTIFIER
control field OkBaRHE
005 - DATE AND TIME OF LATEST TRANSACTION
control field 20100331120015.0
008 - FIXED-LENGTH DATA ELEMENTS--GENERAL INFORMATION
fixed length control field j 000 0 eng u
040 ## - CATALOGING SOURCE
Transcribing agency
100 1# - MAIN ENTRY--PERSONAL NAME
Personal name Dennis, J. A.
245 14 - TITLE STATEMENT
Title The kingdom of heaven.
260 ## - PUBLICATION, DISTRIBUTION, ETC. (IMPRINT)
Place of publication, distribution, etc Austin, Texas
Name of publisher, distributor, etc Words of life, Inc.
300 ## - PHYSICAL DESCRIPTION
Extent 64 p. ;
Dimensions 15 cm.
942 ## - ADDED ENTRY ELEMENTS (KOHA)
Source of classification or shelving scheme
Koha item type Books
Copies
Lost status Not for loan Koha item type Price effective from Damaged status Full call number Permanent Location Withdrawn status Barcode Source of classification or shelving scheme Shelving location Date acquired Date last seen Copy number
  Books2010-04-14 BV 4501 .D384 C.2RHEMA Bible Training College 4372 General Stacks2010-04-142010-04-141